Storia d'Europa / (Record no. 71801)

MARC details
000 -LEADER
campo de control de longitud fija 00545nam a2200169 i 4500
001 - NÚMERO DE CONTROL
campo de control 71801
003 - IDENTIFICADOR DE NÚMERO DE CONTROL
campo de control ES-MaACL
005 - FECHA Y HORA DE LA ÚLTIMA TRANSACCIÓN
campo de control 20230906171231.0
007 - CAMPO FIJO DE DESCRIPCIÓN FÍSICA--INFORMACIÓN GENERAL
campo de control de longitud fija t|
008 - DATOS DE LONGITUD FIJA--INFORMACIÓN GENERAL
campo de control de longitud fija 040818s1910 it ||||1| ita d
100 1# - ENTRADA PRINCIPAL--NOMBRE DE PERSONA
Nombre de persona Giambullari, Pier Francesco.
9 (RLIN) 56603
245 10 - MENCIÓN DEL TÍTULO
Título Storia d'Europa /
Mención de responsabilidad, etc. Pier Francesco Giambullari ; con introduzione e commento di G. Marangani.
260 ## - PUBLICACIÓN, DISTRIBUCIÓN, ETC.
Lugar de publicación, distribución, etc. Milano :
Nombre del editor, distribuidor, etc. [s.n.,
Fecha de publicación, distribución, etc. 1910] (
Fabricante Stabilimenti Riuniti d'Arti Grafiche)
300 ## - DESCRIPCIÓN FÍSICA
Extensión LX, 458 p. ;
Dimensiones 19 cm.
700 1# - ENTRADA AGREGADA--NOMBRE PERSONAL
Nombre de persona Marangani, G.
9 (RLIN) 76300
852 ## - LOCALIZACIÓN
Ubicación ES-MaACL
Número de control de estantería F-11417
Holdings
Estatus retirado Estado de pérdida Estado de daño No para préstamo Biblioteca de origen Biblioteca actual Ubicación en estantería Fecha de adquisición Fuente de adquisición Total de préstamos Signatura topográfica completa Código de barras Visto por última vez Precio de reemplazo Tipo de ítem Koha
        Biblioteca del Ateneo de Madrid Biblioteca del Ateneo de Madrid Sala Pecera Planta 2 17/01/2008     F-11417 1075167 23/02/2023 23/02/2023 Libro impreso